Geografía de América, Asia, África y Oceanía : libro III

Gespeichert in:
Bibliographische Detailangaben
Format: Buch
Sprache:Spanisch
Erschienen: Barcelona : Industrias Gráf. Seix & Barral Hnos. , 1935
Katalog:MANES:  Suchergebnis im Bibliothekskatalog
Schulbuchspezifische Eigenschaften:
Schriftenreihe:Edición económica de textos modernos para la escuela primaria
Tags: Tag hinzufügen
Keine Tags, Fügen Sie den ersten Tag hinzu!
Hinzugefügt zu:20.08.2000
Geändert in:07.05.2025

MARC

LEADER 00000cam a2200000 i 4500
005 20250507134557.0
008 000821s1935 espb f 000 0 spa
040 |a uned  |b spa  |c entro-manes 
245 0 0 |a Geografía de América, Asia, África y Oceanía  |b  : libro III 
260 |a Barcelona  |b  : Industrias Gráf. Seix & Barral Hnos.  |c , 1935 
300 |a 32 p. :   |b map. 
490 0 |a Edición económica de textos modernos para la escuela primaria 
546 |a España 
561 |5 es-BUNED  |3 L.T. 3077  |a España. Fondo Manes UNED  |k MANES 
690 0 |a GEO 
691 0 |a PRI 
942 |2 ddc  |c BK 
999 |c 97705  |d 97705 
999 |c manes:97705  |d 97705